<?xml version="1.0" encoding="UTF-8"?>
<record
    xmlns:xsi="http://www.w3.org/2001/XMLSchema-instance"
    xsi:schemaLocation="http://www.loc.gov/MARC21/slim http://www.loc.gov/standards/marcxml/schema/MARC21slim.xsd"
    xmlns="http://www.loc.gov/MARC21/slim">

  <leader>00537nam a22001817a 4500</leader>
  <datafield tag="999" ind1=" " ind2=" ">
    <subfield code="c">525088</subfield>
    <subfield code="d">525088</subfield>
  </datafield>
  <controlfield tag="003">NUST</controlfield>
  <datafield tag="038" ind1=" " ind2=" ">
    <subfield code="a">Faiza</subfield>
  </datafield>
  <datafield tag="082" ind1=" " ind2=" ">
    <subfield code="a">891.491101</subfield>
    <subfield code="b">ANJ</subfield>
  </datafield>
  <datafield tag="100" ind1=" " ind2=" ">
    <subfield code="a">Anjum, Muhammad Shareef</subfield>
    <subfield code="9">15871</subfield>
  </datafield>
  <datafield tag="245" ind1=" " ind2=" ">
    <subfield code="a">Hira da Chanan /</subfield>
    <subfield code="c">Muhammad Shareef Anjum</subfield>
  </datafield>
  <datafield tag="260" ind1=" " ind2=" ">
    <subfield code="a">Lahore :</subfield>
    <subfield code="b">Abu Bakar Qudsi,</subfield>
    <subfield code="c">2000.</subfield>
  </datafield>
  <datafield tag="300" ind1=" " ind2=" ">
    <subfield code="a">262 p. ;</subfield>
  </datafield>
  <datafield tag="500" ind1=" " ind2=" ">
    <subfield code="a">Hardcover.</subfield>
  </datafield>
  <datafield tag="880" ind1=" " ind2=" ">
    <subfield code="6">100-01\r</subfield>
    <subfield code="a">&#x645;&#x62D;&#x645;&#x62F; &#x634;&#x631;&#x6CC;&#x641; &#x627;&#x646;&#x62C;&#x645;</subfield>
  </datafield>
  <datafield tag="880" ind1=" " ind2=" ">
    <subfield code="6">245-02\r</subfield>
    <subfield code="a">&#x62D;&#x650;&#x631;&#x627; &#x62F;&#x627; &#x686;&#x627;&#x646;&#x64E;&#x646; /</subfield>
  </datafield>
  <datafield tag="880" ind1=" " ind2=" ">
    <subfield code="6">260-03\r</subfield>
    <subfield code="a">&#x644;&#x627;&#x6C1;&#x648;&#x631; :</subfield>
    <subfield code="b">&#x627;&#x628;&#x648;&#x628;&#x6A9;&#x631;&#x642;&#x62F;&#x633;&#x6CC;,</subfield>
    <subfield code="c">&#x6F2;&#x6F0;&#x6F0;&#x6F0;.</subfield>
  </datafield>
  <datafield tag="942" ind1=" " ind2=" ">
    <subfield code="2">ddc</subfield>
    <subfield code="c">BK</subfield>
  </datafield>
  <datafield tag="952" ind1=" " ind2=" ">
    <subfield code="0">0</subfield>
    <subfield code="1">0</subfield>
    <subfield code="2">ddc</subfield>
    <subfield code="4">0</subfield>
    <subfield code="7">0</subfield>
    <subfield code="a">CL</subfield>
    <subfield code="b">CL</subfield>
    <subfield code="d">2019-06-28</subfield>
    <subfield code="l">0</subfield>
    <subfield code="o">891.491101 ANJ</subfield>
    <subfield code="p">CL-E-682</subfield>
    <subfield code="r">2019-06-28</subfield>
    <subfield code="w">2019-06-28</subfield>
    <subfield code="y">BK</subfield>
  </datafield>
</record>
